| 000 | 01225nab a22002897a 4500 | ||
|---|---|---|---|
| 999 |
_c5618 _d5618 |
||
| 003 | OSt | ||
| 005 | 20251222125328.0 | ||
| 008 | 190429b xxu||||| |||| 00| 0 spa d | ||
| 040 | _cPJ | ||
| 100 |
_95768 _aTazza, Alejandro |
||
| 245 | 1 | 0 |
_aEs necesario modificar el Código Penal / _cAlejandro Tazza. |
| 260 |
_cCiudad Autónoma de Buenos Aires : _aThomson Reuters La Ley, _b2025. |
||
| 300 | _ap. 40-50 | ||
| 500 | _aCita: TR LALEY AR/DOC/1907/2025. | ||
| 505 | _aSumario: I. Introducción.— II. Desarrollo.— III. Conclusión. | ||
| 505 | _tSi te interesa el texto completo, solicitalo a koha@justierradelfuego.gov.ar | ||
| 650 | 0 |
_9343 _aDERECHO PENAL |
|
| 650 | 0 |
_92478 _aCODIGO PENAL |
|
| 650 | 0 |
_92817 _aDELITOS CONTRA LA ADMINISTRACIÓN PÚBLICA |
|
| 650 | 0 |
_93281 _aDELITOS CONTRA LA SALUD PÚBLICA |
|
| 650 | 0 |
_92685 _aDELITOS CONTRA LA LIBERTAD |
|
| 650 | 0 |
_92902 _aDELITOS CONTRA LA INTEGRIDAD SEXUAL |
|
| 650 | 0 |
_9344 _aDELITOS CONTRA LA PROPIEDAD |
|
| 650 | 0 |
_92687 _aDELITOS CONTRA LA SEGURIDAD DE LA NACIÓN |
|
| 773 | 0 |
_02658 _93164 _tRevista de derecho penal y criminología. Nº 8 - Septiembre 2025 _dCiudad Autónoma de Buenos Aires : Thomson Reuters La Ley, 2017- _x00347914 |
|
| 942 |
_2udc _cANA |
||